multiple LCK winner - Statistics

General Stats
  • This quiz has been taken 53 times
  • The average score is 20 of 27
Answer Stats
Hint Answer % Correct
10 faker
100%
2 chovy
98%
4 bang
93%
3 showmaker
93%
3 canyon
90%
2 deft
90%
4 wolf
90%
4 bengi
88%
5 peanut
88%
3 beryl
83%
4 mata
76%
2 bdd
74%
2 doran
74%
6 khan
74%
3 ghost
71%
2 impact
71%
3 gorilla
69%
2 marin
69%
2 smeb
69%
4 pray
67%
2 cuzz
62%
2 piglet
55%
2 poohmandu
55%
2 effort
52%
2 clid
45%
3 teddy
45%
2 dade
43%
No matching quizzes found
Score Distribution
Percent of People with Each Score
Percentile by Number Answered
Your Score History
You have not taken this quiz